00354nam a2200121Ia 4500008004100000100002000041245008600061260003000147300000900177650002200186942000700208999001700215190216s9999||||xx |||||||||||||| ||und|| aLewin B Bowring 0aHaidar Ali And Tipu Sultan And The Struggle With The Musalman Powers Of The South bIdarah-1 Adabiyat-1c1974 a227p aHistory Of Malaya cBK c19393d19393